| 000 | 00697nam a2200241 i 4500 | ||
|---|---|---|---|
| 001 | 12658 | ||
| 003 | ES-MaACL | ||
| 005 | 20250307141810.0 | ||
| 007 | t| | ||
| 008 | 970306s1997 sp ||||0| spa j | ||
| 020 | _a84-89795-00-2 | ||
| 040 |
_aM-BN _bspa _cM-BN |
||
| 080 | _a821.134.2-14"19" | ||
| 100 | 1 |
_aAyet, Jesús. _924158 |
|
| 245 | 1 | 0 |
_aCon el cuerpo del mar / _cJesús Ayet. |
| 250 | _a1ª ed. | ||
| 260 |
_aMadrid : _bVitruvio, _c1997. |
||
| 300 |
_a53 p ; _c21 cm. |
||
| 490 | 1 |
_aColección Baños del Carmen ; _v5 |
|
| 830 | 0 |
_aColección Baños del Carmen _v5 _9183030 |
|
| 852 |
_aES-MaACL _jL-20109 _bR.125977 _q. - Ded. autógr. del autor |
||
| 999 |
_c12658 _d12658 |
||